Country Quiz: Somalia 🇸🇴 - Statistics

General Stats
  • This quiz has been taken 48 times
    34 since last reset
  • The average score is 16 of 28
Answer Stats
Hint Answer % Correct
Italy
96%
Between 1884-1960 and 1898-1941, respectively, these two countries would colonise Somalia United Kingdom
96%
Main Religion Islam
93%
Language Somali
93%
Nationality Somali
93%
Time zones 1 (UTC+3)
89%
Capital Mogadishu
85%
Arabic
81%
National Sport Football
78%
Year of Independence 1960
74%
Bordering Countries Djibouti
74%
Ethiopia
74%
Kenya
74%
Bordering Oceans Indian ocean
63%
Currency Shilling
52%
Bordering Gulf Gulf of Aden
48%
Second-Largest City Hargeisa
44%
Climate Dry / Arid
41%
National Animal Leopard
41%
Major terrorist organisation, founded back in 2006, who operates out of Somalia, who's reign terror all throughout East Africa al-Shabab
37%
Main Economic Sector Primary / Agriculture
30%
State-Condition Republic
30%
Between 1969-1991, Somalia became a _________ state Socialist
30%
Type of Government Parliamentary / Federal
26%
National Dish Bariis
22%
Most Famous Leader Mohammad Siyad Barre
15%
Founding Father Aden Abdullah Osman Daar
4%
Main Export Gums
0%
No matching quizzes found
Score Distribution
Percent of People with Each Score
Percentile by Number Answered
Your Score History
You have not taken this quiz since the last reset